Home Print Resources E-Books E-Journals IIMT Lecture Series Library Membership Form Book Recommendation Form Campus Tour Take AdmissionAbout Us Contact Us

DNA SEGUENCING (Record no. 49273)

000 -LEADER
fixed length control field 00377nam a22001577a 4500
003 - CONTROL NUMBER IDENTIFIER
control field OSt
005 - DATE AND TIME OF LATEST TRANSACTION
control field 20240113111319.0
008 - FIXED-LENGTH DATA ELEMENTS--GENERAL INFORMATION
fixed length control field 191111b xxu||||| |||| 00| 0 eng d
020 ## - INTERNATIONAL STANDARD BOOK NUMBER
International Standard Book Number 9781859960615
040 ## - CATALOGING SOURCE
Transcribing agency IIMT UNIVERSITY
100 ## - MAIN ENTRY--PERSONAL NAME
Personal name ALPEY LUPHE
245 ## - TITLE STATEMENT
Title DNA SEGUENCING
260 ## - PUBLICATION, DISTRIBUTION, ETC.
Place of publication, distribution, etc. NOIDA
Name of publisher, distributor, etc. BIO&SCIENTIFIC PUB
Date of publication, distribution, etc. 28/8/2015
300 ## - PHYSICAL DESCRIPTION
Extent 206
942 ## - ADDED ENTRY ELEMENTS (KOHA)
Source of classification or shelving scheme
Koha item type Book Bank
Edition 2005
Holdings
Withdrawn status Lost status Source of classification or shelving scheme Damaged status Not for loan Home library Current library Date acquired Source of acquisition Inventory number Barcode Date last seen Uniform Resource Identifier Price effective from Koha item type Total Checkouts Date last checked out
          IIMT University Central Library Meerut IIMT University Central Library Meerut 11/26/2025 NOIDA SI3984/19/10/09 01-B-108494 11/11/2019 LIFE SCIENCE 11/11/2019 Book Bank    
          IIMT University Central Library Meerut IIMT University Central Library Meerut 11/26/2025 NOIDA SI3984/19/10/09 01-B-108495 11/11/2019 LIFE SCIENCE 11/11/2019 Book Bank    
          IIMT University Central Library Meerut IIMT University Central Library Meerut 09/04/2023 NOIDA SI3984/19/10/09 01-B-108496 09/12/2023 LIFE SCIENCE 11/11/2019 Book Bank 1 09/04/2023
          IIMT University Central Library Meerut IIMT University Central Library Meerut 11/26/2025 NOIDA SI3984/19/10/09 01-B-108497 11/11/2019 LIFE SCIENCE 11/11/2019 Book Bank    
          IIMT University Central Library Meerut IIMT University Central Library Meerut 11/26/2025 NOIDA SI3984/19/10/09 01-B-108498 11/11/2019 LIFE SCIENCE 11/11/2019 Book Bank    
          IIMT University Central Library Meerut IIMT University Central Library Meerut 11/07/2025 NOIDA SI3984/19/10/09 01-B-108499 11/17/2025 LIFE SCIENCE 11/11/2019 Text-Book- for 7 days 2 11/12/2025
          IIMT University Central Library Meerut IIMT University Central Library Meerut 11/26/2025 NOIDA SI3984/19/10/09 01-B-108500 11/14/2022 LIFE SCIENCE 11/11/2019 Book Bank 1 11/14/2022
IIMT, Central Library. All Rights Reserved IIMT,UNIVERSITY © 2023
Implemented and Customised by I CLOUDE EMS
You Are OPAC Visitor No
free web counter

Powered by Koha